000 00650nam a22002177a 4500
001 52799
003 BD-RjUL
005 20211209075848.0
008 160927m19571958pk b 000 0 eng
035 _a(BD-RjUL)52919
040 _aDLC
_cDLC
_dDLC
_dBD-RjUL
_beng
041 _aeng
082 0 0 _a338.9549
_bPAF 1958
110 1 _aPakistan.
_bPlanning Board.
_9143109
245 1 4 _aThe first five year plan, (1955-60) /
_cPakistan. Planning Board.
260 _aKarachi :
_bManager of Publications,
_c1958
300 _aiii, 160 p. ;
_c24 cm.
650 0 _aEconomic policy
_zPakistan .
_970930
942 _2ddc
_cBK
999 _c52799
_d52799